Policy : (Record no. 126042)

MARC details
000 -LEADER
fixed length control field 00884cas a2200265 a 4500
001 - CONTROL NUMBER
control field vtls003155104
003 - CONTROL NUMBER IDENTIFIER
control field MY-SjTCS
005 - DATE AND TIME OF LATEST TRANSACTION
control field 20200226114034.0
008 - FIXED-LENGTH DATA ELEMENTS--GENERAL INFORMATION
fixed length control field 100205c19899999at qr p 0 0eng d
022 ## - INTERNATIONAL STANDARD SERIAL NUMBER
International Standard Serial Number 1032-6634
039 #9 - LEVEL OF BIBLIOGRAPHIC CONTROL AND CODING DETAIL [OBSOLETE]
Level of rules in bibliographic description 201302261612
Level of effort used to assign nonsubject heading access points fadzli0512
Level of effort used to assign subject headings 201003311016
Level of effort used to assign classification hanani
Level of effort used to assign subject headings 201003311015
Level of effort used to assign classification hanani
-- 201002051625
-- pushpa
043 ## - GEOGRAPHIC AREA CODE
Geographic area code u-at---
-- u-nz---
082 04 - DEWEY DECIMAL CLASSIFICATION NUMBER
Classification number 320.05
Item number POL
245 00 - TITLE STATEMENT
Title Policy :
Remainder of title ideas, debate, opinion
260 ## - PUBLICATION, DISTRIBUTION, ETC.
Place of publication, distribution, etc. St. Leonards, NSW :
Name of publisher, distributor, etc. Centre for Independent Studies,
Date of publication, distribution, etc. 1989-
300 ## - PHYSICAL DESCRIPTION
Extent v. ;
Dimensions 30 cm.
310 ## - CURRENT PUBLICATION FREQUENCY
Current publication frequency Quarterly.
362 0# - DATES OF PUBLICATION AND/OR SEQUENTIAL DESIGNATION
Dates of publication and/or sequential designation Vol. 23, no. 1-4 (2007)-
500 ## - GENERAL NOTE
General note Cover title.
650 #0 - SUBJECT ADDED ENTRY--TOPICAL TERM
Topical term or geographic name entry element Political planning
Geographic subdivision Australia
Form subdivision Periodicals.
650 #0 - SUBJECT ADDED ENTRY--TOPICAL TERM
Topical term or geographic name entry element Policy sciences
Form subdivision Periodicals
710 2# - ADDED ENTRY--CORPORATE NAME
Corporate name or jurisdiction name as entry element Centre for Independent Studies (Australia)
9 (RLIN) 85655
710 2# - ADDED ENTRY--CORPORATE NAME
Corporate name or jurisdiction name as entry element New Zealand Centre for Independent Studies.
920 ## - Programme
Programme TUCSS
Holdings
Withdrawn status Lost status Source of classification or shelving scheme Damaged status Not for loan Home library Current library Date acquired Serial Enumeration / chronology Total Checkouts Barcode Date last seen Date last checked out Copy number Koha item type Public note
  Missing Stock take Dewey Decimal Classification     Taylor's Library-TU Taylor's Library-TU 31/03/2010 Vol. 23 No.1-4, 2007   1000147675 05/12/2019 31/03/2010 1 Main Collection TCSS